00349nam a22001217a 450000500170000000800410001702000180005805000150007610000170009124500530010826000450016130000210020620260424142411.0260424b |||||||| |||| 00| 0 eng d a9788178842691 aPN4775 BIS aBisht, M. S. aJournalism Techniques and PracticescM. S. Bisht aNew DelhibCyber Tech Publicationsc2007 avii. 232p.c22cm